| 000 | 00748nam a2200217Ia 4500 | ||
|---|---|---|---|
| 001 | 19613 | ||
| 003 | GE_BSU | ||
| 008 | 181216s||||||||xx |||||||||||||| ||und|| | ||
| 040 | _cGE_BSU | ||
| 245 | _aკარიბჭე №26(321)19.12.2016 -11.01.2017 | ||
| 245 | _bმართლმადიდებლური ჟურნალი. | ||
| 245 | _cმთავარი რედაქტორი: თამარ მამაცაშვილი. | ||
| 260 | _aთბილისი | ||
| 260 | _c2017 | ||
| 300 | _a62 გვ.28სმ. | ||
| 653 | _aკარიბჭე. | ||
| 653 | _aპერიოდიკა | ||
| 653 | _aრელიგია | ||
| 653 | _aსაეკლესიო ჟურნალი | ||
| 942 | _cCR | ||
| 999 |
_c52589 _d52589 |
||